| 000 | 01163cam a22002893a 4500 | ||
|---|---|---|---|
| 001 | 20784 | ||
| 003 | PGUSA | ||
| 005 | 20140828083437.0 | ||
| 008 | 070308s2007||||xxu|||||s|||||000 | eng d | ||
| 040 |
_aPGUSA _beng |
||
| 042 | _adc | ||
| 050 | 4 | _aE011 | |
| 245 | 1 | 0 |
_aEighth Annual Report : _bof the Bureau of Ethnology to the Secretary of the Smithsonian Institution, 1886-1887, Government Printing Office, Washington, 1891 _h[electronic resource] |
| 260 |
_bProject Gutenberg, _c2007 |
||
| 505 | 0 | _aReport of the Director -- A study of pueblo architecture : Tusayan and Cibola / by Victor Mindeleff -- Ceremonial of Hasjelti Dailjis and mythical sand painting of the Navajo Indians / by James Stevenson. | |
| 506 | _aPublic domain in the USA. | ||
| 516 | _aElectronic text | ||
| 653 | _aPueblo Indians -- Antiquities | ||
| 653 | _aPueblo architecture | ||
| 653 | _aNavajo Indians -- Rites and ceremonies | ||
| 700 | 1 |
_aPowell, John Wesley, _d1834-1902 |
|
| 700 | 1 |
_aMindeleff, Victor, _d1860-1948 |
|
| 700 | 1 |
_aStevenson, James, _d1840-1888 |
|
| 830 | 0 |
_aProject Gutenberg _v20784 |
|
| 856 | 4 | 0 | _uhttp://www.gutenberg.org/ebooks/20784 |
| 942 | _cEB | ||
| 999 |
_c250039 _d250039 |
||